<?xml version="1.0" encoding="UTF-8"?>
<record
    xmlns:xsi="http://www.w3.org/2001/XMLSchema-instance"
    xsi:schemaLocation="http://www.loc.gov/MARC21/slim http://www.loc.gov/standards/marcxml/schema/MARC21slim.xsd"
    xmlns="http://www.loc.gov/MARC21/slim">

  <leader>00772nam a2200217Ia 4500</leader>
  <controlfield tag="003">OSt</controlfield>
  <controlfield tag="005">20251126123424.0</controlfield>
  <controlfield tag="008">210719s2011    xx            000 0 und d</controlfield>
  <datafield tag="020" ind1=" " ind2=" ">
    <subfield code="a">978-93-80994-93-2</subfield>
  </datafield>
  <datafield tag="040" ind1=" " ind2=" ">
    <subfield code="c">AL</subfield>
  </datafield>
  <datafield tag="041" ind1=" " ind2=" ">
    <subfield code="a">Tulu</subfield>
  </datafield>
  <datafield tag="082" ind1=" " ind2=" ">
    <subfield code="a">T894.9 MAHT</subfield>
  </datafield>
  <datafield tag="100" ind1=" " ind2=" ">
    <subfield code="a">MAHALINGA BHAT (K)</subfield>
    <subfield code="9">132568</subfield>
    <subfield code="d">&#xCAE;&#xCB9;&#xCBE;&#xCB2;&#xCBF;&#xC82;&#xC97; &#xCAD;&#xC9F;&#xCCD; (&#xC95;&#xCC6;) </subfield>
  </datafield>
  <datafield tag="245" ind1=" " ind2=" ">
    <subfield code="a">Tulu paripu: tuluta ire ber kode ini elle</subfield>
    <subfield code="b">&#xCA4;&#xCC1;&#xCB3;&#xCC1; &#xCAA;&#xCB0;&#xCBF;&#xCAA;&#xCC1; : &#xCA4;&#xCC1;&#xCB3;&#xCC1;&#xCA4; &#xC87;&#xCB0;&#xCC6; &#xCAC;&#xCC7;&#xCB0;&#xCCD; &#xC95;&#xCCA;&#xCA1;&#xCBF; &#xC87;&#xCA8;&#xCBF; &#xC8E;&#xCB2;&#xCCD;&#xCB2;&#xCC6;</subfield>
  </datafield>
  <datafield tag="260" ind1=" " ind2=" ">
    <subfield code="a">Hampi</subfield>
    <subfield code="b">Kannada Vishvavidyala.,</subfield>
    <subfield code="c">2011</subfield>
  </datafield>
  <datafield tag="300" ind1=" " ind2=" ">
    <subfield code="a">iv,32</subfield>
    <subfield code="b">PB</subfield>
  </datafield>
  <datafield tag="650" ind1=" " ind2=" ">
    <subfield code="a">Tulu Miscellaneous</subfield>
    <subfield code="9">132569</subfield>
  </datafield>
  <datafield tag="650" ind1=" " ind2=" ">
    <subfield code="a">Tulu Miscellaneous</subfield>
    <subfield code="9">132569</subfield>
  </datafield>
  <datafield tag="906" ind1=" " ind2=" ">
    <subfield code="a">bEr ; elle ; ini ; ire ; kODe ; paripu: ; TuLu ; tuLuta</subfield>
  </datafield>
  <datafield tag="942" ind1=" " ind2=" ">
    <subfield code="2">ddc</subfield>
    <subfield code="c">BK</subfield>
  </datafield>
  <datafield tag="999" ind1=" " ind2=" ">
    <subfield code="c">215392</subfield>
    <subfield code="d">215392</subfield>
  </datafield>
  <datafield tag="952" ind1=" " ind2=" ">
    <subfield code="0">0</subfield>
    <subfield code="1">0</subfield>
    <subfield code="4">0</subfield>
    <subfield code="7">0</subfield>
    <subfield code="8">Tulu</subfield>
    <subfield code="a">AL</subfield>
    <subfield code="b">AL</subfield>
    <subfield code="d">2012-05-10</subfield>
    <subfield code="l">1</subfield>
    <subfield code="o">T894.9 MAHT</subfield>
    <subfield code="p">D04025</subfield>
    <subfield code="r">2025-10-13 15:41:12</subfield>
    <subfield code="s">2025-09-13</subfield>
    <subfield code="w">2021-07-19</subfield>
    <subfield code="y">DB</subfield>
  </datafield>
</record>
